03254nab a2200337 i 4500003000900000005001700009008004100026040001800067072001400085072000800099100002900107100003900136100002400175100002800199100002600227245007700253500007600330520099400406520110001400650001302500650002402513650002602537650001602563650002602579650001702605650001802622773017202640856007702812942000802889999001902897BR-BrBNA20250913170053.0250913b2021 bl.qr|pooa||| 00| 0 eng | aBR-BrBNAbeng aF04b1690 aF01 aSilva, Paulo Henrique S  aCecílio Filho, Arthur Bernardes  aReis, Isaias dos S  aNascimento, Carolina S  aNascimento, Camila S  aRocket plants in response to nitrogen concentration in nutrient solution a Publicação online; 37 ref.; 2 illus.; 2 tables; Summaries (En, Pt) a ABSTRACT: Nitrogen (N) is the second most accumulated nutrient in rocket. This nutrient greatly affects growth, productivity and quality of the vegetable. Rocket is the second most widely grown leafy vegetable in hydroponic system; however, no studies on how N concentration in nutrient solution affects this crop can be found in literature. We studied four concentrations (79.2; 118.8; 158.4 and 237.6 mg L-1 of N) in a randomized block design with five replicates. Maximum number of leaves, leaf area, dry mass and productivity of rocket cv. ‘Folha larga’ were obtained with the highest N concentration. The rocket quality, evaluated by the nitrate content, was maximum with 210.2 mg L-1 of N and its value in the concentration which maximized productivity is in the acceptable range for vegetables; so, it is recommended to grow rocket with 237.6 mg L-1 of N in the nutrient solution. Keywords: Eruca sativa, soil-free cultivation, hydroponics, leafy vegetables, nitrate. a RESUMO: O nitrogênio (N) é o segundo nutriente mais acumulado pela rúcula, o qual afeta sobremaneira o crescimento, produtividade e qualidade desta hortaliça. A rúcula é a segunda hortaliça folhosa mais cultivada em hidroponia; porém, não há estudos sobre como a concentração do N na solução nutritiva a afeta, tendo sido este o objetivo do presente estudo. Quatro concentrações (79,2; 118,8; 158,4 e 237,6 mg L-1 de N) foram avaliadas em delineamento experimental de blocos casualizados, com cinco repetições. Máximos número de folhas, área foliar, massa seca e produtividade da rúcula ‘Folha larga’ foram obtidos com a maior concentração de N. A qualidade da rúcula, avaliada pelo teor de nitrato, foi máxima com 210,2 mg L-1 de N. Seu valor na concentração que maximizou a produtividade encontra-se na faixa aceitável para hortaliças; de modo que se recomenda o cultivo da rúcula com 237,6 mg L-1 de N na solução nutritiva. Palavras-chave: Eruca sativa, cultivo sem solo, hidroponia, hortaliça folhosa, nitrato aRÚCULA aHORTALIÇA FOLHOSA aCULTIVO HIDROPÕNICO aCRESCIMENTO aSOLUÇÃO NUTRITIVA aNITROGÊNIO aPRODUTIVIDADE0 010479357912dBrasília-DF Sociedade de Olericultura do Brasil 1983o2025-5877tHorticultura Brasileira (Brazil)x0102-0536gv. 39(3) p. 341-345; (2021)wBR2025001953 uhttps://www.scielo.br/j/hb/a/qKznpQ6qXJY4xrK4sHXbGyN/?format=pdf&lang=en cANA c338159d338159